[Event "Women's Speed Chess Q1"]
[Site "chess.com INT"]
[Date "2020.06.18"]
[Round "2"]
[White "Tarasova, Viktoriya"]
[Black "Bodnaruk, Anastasia"]
[Result "0-1"]
[WhiteTitle "WIM"]
[BlackTitle "IM"]
[WhiteElo "2226"]
[BlackElo "2411"]
[WhiteFideId "4175840"]
[BlackFideId "4181751"]
[EventDate "2020.06.18"]

1. d4 Nf6 2. c4 g6 3. Nc3 Bg7 4. e4 d6 5. h3 O-O 6. Be3 e5 7. d5 Na6 8. g4 c6 9.
Be2 cxd5 10. cxd5 Nc5 11. Qc2 Bd7 12. b4 Na6 13. Qb2 Rc8 14. Bd3 h5 15. g5 Nh7
16. Nf3 f6 17. gxf6 Qxf6 18. Be2 g5 19. h4 g4 20. Ng5 Nxg5 21. hxg5 Qg6 22. Kd2
Rf4 23. Bxa7 Qxg5 24. Be3 Be8 25. Bxa6 bxa6 26. Ne2 Bb5 27. Rac1 Rcf8 28. Nxf4
exf4 29. Bd4 Be5 30. Rc7 g3 31. Bxe5 dxe5 32. Qb3 g2 33. d6+ Kh8 34. Rg1 f3+ 35.
Qe3 Qxe3+ 36. Kxe3 h4 37. d7 Rg8 38. Rc8 Bxd7 39. Rxg8+ Kxg8 40. Kxf3 h3 41. Kg3
Kg7 42. Re1 Kf6 43. Rd1 Ke7 44. Rc1 Be6 45. Kh2 Kd6 46. a4 Bd7 47. a5 Ke7 48.
Re1 Kf6 49. f3 Kg5 50. Rd1 Be6 51. Kg3 Kf6 52. Re1 Kg5 53. Rc1 Kf6 54. Rd1 Ke7
55. Rb1 Kd6 56. Kh2 Kc6 57. Rc1+ Kb5 58. Rd1 Kxb4 59. Rd6 Bc4 60. Rh6 Bf1 61.
Rh5 Kxa5 62. Rxe5+ Kb4 63. f4 a5 64. Re8 a4 65. f5 a3 66. Rb8+ Kc3 67. f6 Bc4
68. Rc8 a2 69. Rxc4+ Kxc4 70. f7 a1=Q 71. f8=Q Qh1+ 72. Kg3 g1=Q+ 73. Kf4 Qf2+
74. Ke5 Qxf8 75. Ke6 Qxe4+ 76. Kd7 Qd5+ 77. Kc7 Qfd8# 0-1

[Event "Women's Speed Chess Q1"]
[Site "chess.com INT"]
[Date "2020.06.18"]
[Round "2"]
[White "Nguyen, Hong Anh"]
[Black "Burtasova, Anna"]
[Result "1-0"]
[WhiteTitle "WIM"]
[BlackTitle "WGM"]
[WhiteElo "1970"]
[BlackElo "2261"]
[WhiteFideId "12406732"]
[BlackFideId "4150740"]
[EventDate "2020.06.18"]

1. d4 c5 2. Nf3 cxd4 3. Nxd4 e6 4. c4 Nf6 5. Nc3 d5 6. g3 Bc5 7. Bg2 dxc4 8.
Qa4+ Qd7 9. Ndb5 O-O 10. Qxc4 Bb6 11. O-O a6 12. Na3 Nc6 13. Rd1 Qc7 14. Bf4 e5
15. Bg5 Be6 16. Qh4 Ng4 17. e3 f6 18. Be4 h6 19. Bxh6 Nxh6 20. Nd5 Bxd5 21.
Bxd5+ Kh7 22. Nc4 Bc5 23. Rac1 Qe7 24. a3 Rad8 25. b4 Ba7 26. Nd2 Rxd5 27. Qe4+
f5 28. Qxd5 f4 29. Qe4+ Kh8 30. Nc4 fxg3 31. hxg3 Qg5 32. Kg2 Bb8 33. Rh1 Ne7
34. Nd2 Ng6 35. Nf3 Qf6 36. Rc2 Kg8 37. Qd5+ Kh7 38. Nh4 Nxh4+ 39. Rxh4 Kh8 40.
Qxb7 Qg6 41. Qc6 Kh7 42. Qxg6+ Kxg6 43. Rc6+ Rf6 44. Rhc4 Ba7 45. Rc7 Bb6 46.
Rb7 Nf5 47. Rg4+ Kh7 48. a4 Bxe3 49. Rc4 Bh6 50. Rcc7 Nd4 51. b5 axb5 52. axb5
e4 53. Rd7 Nc2 54. Re7 Ne1+ 55. Kf1 Nd3 56. Rxe4 Nxf2 57. Ree7 Ne4+ 58. Kg2 Nd6
59. Rb6 Kg6 60. Rd7 Nf5 61. Rxf6+ gxf6 62. b6 Ne3+ 63. Kf3 Nc4 64. Rb7 Ne5+ 65.
Ke4 Nc6 66. Rc7 Na5 67. b7 Nxb7 68. Rxb7 Kg5 69. Kf3 Kf5 70. Rb5+ Kg6 71. Kg4
Bg5 72. Rc5 Be3 73. Rd5 Bg5 74. Rd7 Be3 75. Kf3 Bg5 76. Re7 Bh6 77. Ke4 Bg5 78.
g4 Bh6 79. Kd5 Bg5 80. Re4 Kf7 81. Kd6 Kg6 82. Ke6 Kg7 83. Kf5 Kf7 84. Ra4 Ke7
85. Ra7+ Kf8 86. Rb7 Kg8 87. Kg6 Kf8 88. Rf7+ Kg8 89. Rxf6 Bxf6 90. Kxf6 Kf8 91.
g5 Kg8 92. Kg6 Kh8 93. Kf7 Kh7 94. g6+ Kh8 95. g7+ Kh7 96. g8=Q+ 1-0

[Event "Women's Speed Chess Q1"]
[Site "chess.com INT"]
[Date "2020.06.18"]
[Round "2"]
[White "Khalafova, Narmin"]
[Black "Divya, Deshmukh"]
[Result "0-1"]
[WhiteTitle "WGM"]
[BlackTitle "WIM"]
[WhiteElo "2279"]
[BlackElo "2305"]
[WhiteFideId "13402625"]
[BlackFideId "35006916"]
[EventDate "2020.06.18"]

1. e4 c5 2. Be2 Nc6 3. f4 g6 4. Nf3 Bg7 5. O-O d6 6. d3 e6 7. c3 Nge7 8. Be3 O-O
9. d4 cxd4 10. cxd4 b6 11. Nc3 Bb7 12. Rc1 Rc8 13. a3 Nb8 14. Qe1 Nd7 15. Qh4 d5
16. e5 Nf5 17. Qf2 Nxe3 18. Qxe3 a6 19. g4 f6 20. Kh1 fxe5 21. fxe5 Qe7 22. Rg1
b5 23. Rcf1 Nb6 24. Qg5 Qxg5 25. Nxg5 Rce8 26. Rxf8+ Bxf8 27. Rf1 Nc4 28. Bxc4
dxc4+ 29. Kg1 Bh6 30. Nge4 Be3+ 31. Kg2 Bxd4 32. Kh3 Bxe5 33. Nc5 Bc8 34. Re1
Bxc3 35. bxc3 e5 36. Kh4 Kg7 37. Ne4 Rd8 38. Rf1 Rd3 39. Ng5 h6 40. Rf7+ Kg8 41.
Rc7 hxg5+ 42. Kxg5 Rd8 43. h4 a5 44. h5 gxh5 45. Kxh5 e4 46. g5 e3 47. g6 Bf5
48. Re7 Rd6 49. Re8+ Kg7 50. Re7+ Kg8 51. Re8+ Kg7 52. Re7+ Kf8 53. Rf7+ Kg8 54.
Rxf5 Re6 55. Rf1 e2 56. Re1 Kg7 57. Kg5 Re3 58. Kf5 Re8 59. Kg5 Re5+ 60. Kf4 Re6
61. Kf5 Rf6+ 62. Ke5 Rf2 63. Kd5 Kxg6 64. Kc5 Rf5+ 65. Kc6 Re5 66. Kb6 a4 67.
Kc6 Kf5 68. Kb6 Kf4 69. Kc6 Kf3 70. Kb6 Kf2 71. Rxe2+ Kxe2 72. Ka5 Kd3 73. Kb4
Re1 74. Kxb5 Kxc3 75. Kxa4 Re8 76. Kb5 Kb3 77. Kc5 c3 78. Kd4 c2 79. Kd5 c1=Q
80. Kd4 Qd1+ 81. Kc5 Rc8+ 82. Kb6 Qd6+ 83. Ka5 Rc5# 0-1

[Event "Women's Speed Chess Q1"]
[Site "chess.com INT"]
[Date "2020.06.18"]
[Round "2"]
[White "Mammadzada, Gunay"]
[Black "Artemyeva, Olga"]
[Result "1/2-1/2"]
[WhiteTitle "IM"]
[BlackTitle "WFM"]
[WhiteElo "2443"]
[BlackElo "2069"]
[WhiteFideId "13403729"]
[BlackFideId "4138422"]
[EventDate "2020.06.18"]

1. e4 e5 2. Nf3 Nc6 3. Bb5 a6 4. Ba4 Nf6 5. O-O b5 6. Bb3 Bc5 7. c3 d6 8. a4 Rb8
9. d4 Bb6 10. a5 Ba7 11. h3 O-O 12. Be3 Ra8 13. Nbd2 h6 14. Re1 Re8 15. d5 Ne7
16. Bxa7 Rxa7 17. c4 Bd7 18. c5 Ng6 19. Rc1 Nf4 20. Nf1 Nh7 21. Ng3 Ng5 22. Kh2
Nxg2 23. Kxg2 Bxh3+ 24. Kg1 Bg4 25. Re3 Qf6 26. Kg2 h5 27. Nf5 Nxf3 28. Rxf3 Qg5
29. Rg3 g6 30. f3 gxf5 31. exf5 Qxf5 32. fxg4 Qe4+ 33. Qf3 Qxf3+ 34. Kxf3 hxg4+
35. Rxg4+ Kf8 36. Ke4 Ke7 37. cxd6+ cxd6 38. Kf5 Rh8 39. Rc6 Rh5+ 40. Rg5 Rh3
41. Rg4 Rxb3 42. Rh4 Rf3+ 43. Ke4 Rf6 44. Rh6 Rg6 45. Rxg6 fxg6 46. b4 Kd7 47.
Rb6 Kc7 48. Kf3 Ra8 49. Rc6+ Kd7 50. Kg4 Ke7 51. Rc7+ Kf6 52. Rc6 Ke7 53. Kg5 e4
54. Kxg6 Kd7 55. Kf5 Re8 56. Kf4 e3 57. Rc1 e2 58. Re1 Re5 59. Kf3 Rxd5 60. Rxe2
Rd4 61. Rb2 Rc4 62. Ke3 d5 63. Kd3 Kd6 64. Rg2 Rxb4 65. Rg6+ Kc5 66. Rxa6 Rb3+
67. Kc2 Ra3 68. Ra8 Kb4 69. a6 d4 70. a7 Ra2+ 71. Kd3 Ra4 72. Kxd4 Kb3+ 73. Kc5
b4 74. Kb5 Ra2 75. Kb6 Kb2 76. Rb8 b3 77. a8=Q Rxa8 78. Rxa8 Kc1 79. Ka5 b2 80.
Rc8+ Kd2 81. Rb8 Kc1 82. Ka4 b1=Q 83. Rxb1+ Kxb1 1/2-1/2

[Event "Women's Speed Chess Q1"]
[Site "chess.com INT"]
[Date "2020.06.18"]
[Round "3"]
[White "Cagara, Paulina"]
[Black "Hernandez Bonilla, Amelia"]
[Result "1-0"]
[BlackTitle "WFM"]
[WhiteElo "2054"]
[BlackElo "2016"]
[WhiteFideId "1124870"]
[BlackFideId "3900193"]
[EventDate "2020.06.18"]

1. e4 c5 2. Nc3 Nc6 3. Bb5 Nd4 4. Bc4 e6 5. Nf3 g6 6. Nxd4 cxd4 7. Nb5 Qb6 8. c3
d5 9. exd5 exd5 10. Qe2+ Be6 11. Bxd5 dxc3 12. bxc3 Bg7 13. Bxe6 fxe6 14. Ba3 1-0

[Event "Women's Speed Chess Q1"]
[Site "chess.com INT"]
[Date "2020.06.18"]
[Round "3"]
[White "Dzagnidze, Nana"]
[Black "Li, Xueyi"]
[Result "1-0"]
[WhiteTitle "GM"]
[BlackTitle "WGM"]
[WhiteElo "2524"]
[BlackElo "2328"]
[WhiteFideId "13601903"]
[BlackFideId "8605912"]
[EventDate "2020.06.18"]

1. d4 d5 2. c4 c6 3. cxd5 cxd5 4. Nc3 Nf6 5. Bf4 e6 6. e3 Bd6 7. Bg3 O-O 8. Bd3
b6 9. Nf3 Ba6 10. Bxa6 Nxa6 11. O-O Bxg3 12. hxg3 Nc7 13. Rc1 Ne4 14. Ne5 f6 15.
Nc6 Qd7 16. Nxe4 dxe4 17. Qc2 f5 18. Ne5 1-0

[Event "Women's Speed Chess Q1"]
[Site "chess.com INT"]
[Date "2020.06.18"]
[Round "3"]
[White "Vidruska, Renate"]
[Black "Gevorgyan, Maria"]
[Result "0-1"]
[WhiteTitle "WFM"]
[BlackTitle "WGM"]
[WhiteElo "2045"]
[BlackElo "2228"]
[WhiteFideId "11601841"]
[BlackFideId "13300270"]
[EventDate "2020.06.18"]

1. e4 c5 2. Nf3 Nc6 3. d4 cxd4 4. Nxd4 g6 5. Nc3 Bg7 6. Nde2 Nf6 7. g3 d6 8. Bg2
h5 9. O-O h4 10. Re1 hxg3 11. hxg3 Bg4 12. Be3 Ne5 13. f4 Nc4 14. Bf2 Qc8 15. b3
Nb6 16. Qd3 Bh3 17. Qf3 Ng4 18. Rad1 Bxg2 19. Kxg2 Rh2+ 0-1

[Event "Women's Speed Chess Q1"]
[Site "chess.com INT"]
[Date "2020.06.18"]
[Round "3"]
[White "Berzina, Ilze"]
[Black "Miroshnik, Ekaterina"]
[Result "1-0"]
[WhiteTitle "WGM"]
[BlackTitle "WFM"]
[WhiteElo "2192"]
[BlackElo "2139"]
[WhiteFideId "11601345"]
[BlackFideId "34127698"]
[EventDate "2020.06.18"]

1. e4 e6 2. d4 d5 3. e5 c5 4. c3 Nc6 5. Nf3 Nge7 6. a3 cxd4 7. cxd4 Nf5 8. b4
Be7 9. Nc3 h6 10. Be2 Bd7 11. O-O Rc8 12. Bb2 O-O 13. Rc1 Nh4 14. Nxh4 Bxh4 15.
Na4 Bg5 16. f4 Be7 17. Nc5 Bxc5 18. dxc5 Ne7 19. Bd3 a6 20. a4 Qe8 21. Bc2 a5
22. b5 Kh8 23. Qd3 g6 24. Qh3 Kg7 25. Bd4 Nf5 26. Bxf5 exf5 27. e6+ f6 28. exd7
Qxd7 29. Rfe1 Rfe8 30. Qc3 Qf7 31. Rxe8 Rxe8 32. Re1 Re4 33. Rxe4 dxe4 34. c6
bxc6 35. Qxc6 g5 36. b6 1-0

[Event "Women's Speed Chess Q1"]
[Site "chess.com INT"]
[Date "2020.06.18"]
[Round "3"]
[White "Smietanska, Wiktoria"]
[Black "Chitlange, Sakshi"]
[Result "1-0"]
[WhiteTitle "CM"]
[BlackTitle "WIM"]
[WhiteElo "1593"]
[BlackElo "2167"]
[WhiteFideId "21869359"]
[BlackFideId "35002899"]
[EventDate "2020.06.18"]

1. c4 e6 2. Nc3 d5 3. d4 a6 4. cxd5 exd5 5. Qc2 Nf6 6. Bg5 Be6 7. e3 Nbd7 8. Bd3
Be7 9. Nge2 h6 10. Bh4 Nh5 11. Bxe7 Qxe7 12. O-O O-O 13. Rae1 Nhf6 14. f3 c5 15.
b3 Rac8 16. Qd2 b5 17. Bb1 c4 18. bxc4 bxc4 19. e4 Nb6 20. Qc2 Rfd8 21. e5 g6
22. exf6 Qxf6 23. Qd2 Kh7 24. Qf4 Qe7 25. Ng3 Qd7 26. Bc2 Kg7 27. Qe5+ Kh7 28.
Nh5 Qd6 29. Qg7# 1-0

[Event "Women's Speed Chess Q1"]
[Site "chess.com INT"]
[Date "2020.06.18"]
[Round "3"]
[White "Arabidze, Meri"]
[Black "Shpanko, Nadiia"]
[Result "1-0"]
[WhiteTitle "IM"]
[BlackTitle "WIM"]
[WhiteElo "2428"]
[BlackElo "2235"]
[WhiteFideId "13604040"]
[BlackFideId "14132400"]
[EventDate "2020.06.18"]

1. d4 Nf6 2. c4 e6 3. Nf3 d5 4. Nc3 Bb4 5. Bg5 h6 6. Bxf6 Qxf6 7. Qa4+ Nc6 8. e3
O-O 9. Be2 Bxc3+ 10. bxc3 Bd7 11. Qc2 Rfe8 12. cxd5 exd5 13. O-O Rab8 14. c4
dxc4 15. Qxc4 Bg4 16. Rfc1 Rec8 17. Qc5 Qe7 18. h3 Bf5 19. Qxf5 Qa3 20. Ne5 Nxe5
21. Qxe5 Qb2 22. Bd3 c5 23. Qe4 g6 24. Rab1 Qxa2 25. dxc5 Re8 26. Qg4 Qd5 27.
Bc4 Qe5 28. Qxg6+ Qg7 29. Bxf7+ 1-0

[Event "Women's Speed Chess Q1"]
[Site "chess.com INT"]
[Date "2020.06.18"]
[Round "3"]
[White "Hejazipour, Mitra"]
[Black "Hng, Mei-En Emmanuelle"]
[Result "1-0"]
[WhiteTitle "WGM"]
[BlackTitle "WFM"]
[WhiteElo "2300"]
[BlackElo "2029"]
[WhiteFideId "12505951"]
[BlackFideId "5804566"]
[EventDate "2020.06.18"]

1. d4 Nf6 2. Nf3 c5 3. d5 e6 4. c4 exd5 5. cxd5 d6 6. Nc3 g6 7. h3 Bg7 8. Bf4
O-O 9. e3 Na6 10. Be2 Nc7 11. a4 Na6 12. Nd2 Nb4 13. Nc4 Ne8 14. O-O a6 15. Ne4
Bf5 16. Nexd6 Nxd6 17. Bxd6 b5 18. Bxf8 Qxf8 19. axb5 axb5 20. Rxa8 Qxa8 21. Nd6
Qxd5 22. Qxd5 Nxd5 23. Nxf5 gxf5 24. Bxb5 Bxb2 25. Bd3 f4 26. Rb1 Be5 27. Bc4
Nb4 28. exf4 Bxf4 29. Rd1 Nc6 30. Rd5 1-0

[Event "Women's Speed Chess Q1"]
[Site "chess.com INT"]
[Date "2020.06.18"]
[Round "3"]
[White "Tarini, Goyal"]
[Black "Selkirk, Rebecca"]
[Result "1-0"]
[WhiteTitle "WFM"]
[BlackTitle "WCM"]
[WhiteElo "2164"]
[BlackElo "1799"]
[WhiteFideId "5082749"]
[BlackFideId "14306514"]
[EventDate "2020.06.18"]

1. d4 d5 2. c4 c6 3. Nc3 Nf6 4. e3 Bf5 5. cxd5 cxd5 6. Qb3 Qc8 7. Nxd5 Be6 8.
Nxf6+ exf6 9. Bb5+ Nd7 10. d5 Bf5 11. Nf3 Bd6 12. O-O O-O 13. Nd4 Be4 14. Bd2
Nc5 15. Qd1 Bxd5 16. Rc1 Qd8 17. Bb4 Rc8 18. Nf5 Ne4 19. Rxc8 Qxc8 20. Nxd6 1-0

[Event "Women's Speed Chess Q1"]
[Site "chess.com INT"]
[Date "2020.06.18"]
[Round "3"]
[White "Schulze, Lara"]
[Black "Morris-Suzuki, Sophie"]
[Result "0-1"]
[WhiteTitle "FM"]
[BlackTitle "WFM"]
[WhiteElo "2314"]
[BlackElo "2043"]
[WhiteFideId "12956830"]
[BlackFideId "30922615"]
[EventDate "2020.06.18"]

1. e4 c5 2. Nf3 e6 3. d4 cxd4 4. Nxd4 d6 5. c4 b6 6. Nc3 a6 7. Be2 Bb7 8. O-O
Nd7 9. a4 Ngf6 10. f3 Be7 11. Be3 Qc7 12. a5 bxa5 13. Nb3 Rd8 14. Nxa5 Ba8 15.
Kh1 O-O 16. Qd2 d5 17. cxd5 exd5 18. Nxd5 Nxd5 19. exd5 Nf6 20. Rfc1 Qb8 21. Bf4
Bd6 22. Bxd6 Rxd6 23. Nc6 Bxc6 24. Rxc6 Rxd5 25. Qc3 Rh5 26. f4 Ne4 27. Qd4 Ng3+ 0-1

[Event "Women's Speed Chess Q1"]
[Site "chess.com INT"]
[Date "2020.06.18"]
[Round "3"]
[White "Mendoza, Shania Mae"]
[Black "Petrova, Irina"]
[Result "1-0"]
[WhiteTitle "WFM"]
[BlackTitle "WIM"]
[WhiteElo "2158"]
[BlackElo "2087"]
[WhiteFideId "5211158"]
[BlackFideId "14124122"]
[EventDate "2020.06.18"]

1. e4 d6 2. d4 Nf6 3. Nc3 e5 4. dxe5 dxe5 5. Qxd8+ Kxd8 6. Bg5 Be6 7. O-O-O+ Nd7
8. Nf3 Kc8 9. Bxf6 gxf6 10. Nd5 c6 11. Ne3 Bc5 12. Kb1 b5 13. Be2 Kc7 14. h3
Bxe3 15. fxe3 Nc5 16. Bd3 a5 17. Rhf1 a4 18. Nh4 Nd7 19. Be2 Rhg8 20. g4 Rgb8
21. Nf5 Bxf5 22. Rxf5 Rg8 23. h4 h6 24. c3 Rae8 25. Kc2 Re6 26. Rg1 Nc5 27. Bf3
Kd6 28. g5 hxg5 29. hxg5 Rxg5 30. Rgxg5 fxg5 31. Rxf7 Rg6 32. Bg4 Nxe4 33. Bf5
Rg8 34. Rd7+ Kc5 35. Bxe4 g4 36. Rc7 Kb6 37. Rxc6+ Ka5 38. b4+ axb3+ 39. axb3 1-0

[Event "Women's Speed Chess Q1"]
[Site "chess.com INT"]
[Date "2020.06.18"]
[Round "3"]
[White "Monteiro, Sara Cristina da Silva"]
[Black "Mohota, Nisha"]
[Result "0-1"]
[WhiteTitle "WCM"]
[BlackTitle "IM"]
[WhiteElo "1709"]
[BlackElo "2195"]
[WhiteFideId "1909860"]
[BlackFideId "5004330"]
[EventDate "2020.06.18"]

1. d4 Nf6 2. Bg5 d5 3. Nf3 Ne4 4. Bh4 c5 5. e3 Qb6 6. b3 Bg4 7. Be2 e6 8. O-O
Bd6 9. c4 cxd4 10. exd4 Qc7 11. Nbd2 Nc3 12. Qe1 Nxe2+ 13. Qxe2 O-O 14. h3 Bh5
15. Qe3 Bf4 16. Qc3 dxc4 17. bxc4 Nd7 18. Ne4 Nb6 19. c5 Nd5 20. Qb3 b6 21. Rab1
Bg6 22. Rfe1 bxc5 23. dxc5 Rab8 24. Qc4 Rxb1 25. Rxb1 Bxe4 26. Qxe4 Nc3 27. Qc2
Nxb1 28. Qxb1 Qxc5 29. Qb7 Qc1+ 0-1

[Event "Women's Speed Chess Q1"]
[Site "chess.com INT"]
[Date "2020.06.18"]
[Round "3"]
[White "Vaishali, R"]
[Black "Ning, Kaiyu"]
[Result "1-0"]
[WhiteTitle "WGM"]
[BlackTitle "WIM"]
[WhiteElo "2393"]
[BlackElo "2327"]
[WhiteFideId "5091756"]
[BlackFideId "8614750"]
[EventDate "2020.06.18"]

1. e4 e6 2. d4 d5 3. Nd2 c5 4. exd5 Qxd5 5. Ngf3 cxd4 6. Bc4 Qd6 7. O-O Nf6 8.
Nb3 Nc6 9. Nbxd4 Nxd4 10. Nxd4 a6 11. Re1 Qc7 12. b3 Be7 13. a4 O-O 14. Bb2 b6
15. Qf3 Bb7 16. Qh3 Kh8 17. Bd3 h6 18. Re3 Qf4 19. Rg3 h5 20. Ne2 Qh6 21. Bc1 1-0

[Event "Women's Speed Chess Q1"]
[Site "chess.com INT"]
[Date "2020.06.18"]
[Round "3"]
[White "Kanyamarala, Trisha"]
[Black "Frattini, Beatriz Maria"]
[Result "1-0"]
[WhiteTitle "WIM"]
[BlackTitle "WCM"]
[WhiteElo "2193"]
[BlackElo "1868"]
[WhiteFideId "45004722"]
[BlackFideId "22715002"]
[EventDate "2020.06.18"]

1. d4 Nf6 2. c4 g6 3. Nc3 d5 4. cxd5 Nxd5 5. e4 Nxc3 6. bxc3 Bg7 7. Nf3 c5 8.
Be3 O-O 9. Be2 Nc6 10. O-O cxd4 11. cxd4 Bg4 12. d5 Ne5 13. Nxe5 Bxe2 14. Qxe2
Bxe5 15. Rab1 b6 16. f4 Bg7 17. Rfd1 e5 18. dxe6 Qe7 19. exf7+ Rxf7 20. e5 Bh6
21. Qc4 Rf8 22. Rd6 Kh8 23. g3 Qc7 24. Qd3 Re7 25. Rc1 Qb7 26. Bd4 Kg8 27. Qc4+
Rff7 28. Rd8+ Bf8 29. Bb2 b5 30. Qc8 Qb6+ 31. Bd4 Qa5 32. Bc5 1-0

[Event "Women's Speed Chess Q1"]
[Site "chess.com INT"]
[Date "2020.06.18"]
[Round "3"]
[White "Antolak, Julia"]
[Black "Michelle Catherina, P"]
[Result "0-1"]
[WhiteTitle "WIM"]
[BlackTitle "WIM"]
[WhiteElo "2323"]
[BlackElo "2176"]
[WhiteFideId "1159569"]
[BlackFideId "5005736"]
[EventDate "2020.06.18"]

1. e4 e5 2. Nf3 Nc6 3. Bb5 g6 4. d4 exd4 5. Bg5 Be7 6. Bxe7 Qxe7 7. Bxc6 dxc6 8.
Qxd4 Nf6 9. Nc3 c5 10. Qe3 Bd7 11. O-O-O O-O-O 12. Nd2 Bc6 13. f3 Nd5 14. Nxd5
Bxd5 15. Kb1 Rhe8 16. Rhe1 Kb8 17. Qc3 b6 18. Nf1 Bc6 19. Qc4 f5 20. Rxd8+ Rxd8
21. e5 Qxe5 22. Rc1 Kb7 23. Qh4 Rd7 24. a3 Qe2 25. Qg5 Rd1 26. Rxd1 Qxd1+ 27.
Qc1 Qe2 28. Ne3 f4 29. Ng4 Qxg2 30. Qxf4 Qxf3 31. Qg5 Qd1+ 32. Ka2 Bd5+ 33. b3
Qxc2+ 34. Ka1 Qc3+ 0-1

[Event "Women's Speed Chess Q1"]
[Site "chess.com INT"]
[Date "2020.06.18"]
[Round "3"]
[White "Socko, Monika"]
[Black "Mukhina, Jana"]
[Result "1-0"]
[WhiteTitle "GM"]
[BlackTitle "WFM"]
[WhiteElo "2428"]
[BlackElo "2068"]
[WhiteFideId "1106619"]
[BlackFideId "34115428"]
[EventDate "2020.06.18"]

1. d4 Nf6 2. c4 g6 3. Nf3 Bg7 4. g3 O-O 5. Bg2 d6 6. O-O Nc6 7. Nc3 e5 8. dxe5
dxe5 9. Bg5 Qxd1 10. Rfxd1 Be6 11. Nd5 Ne8 12. Ne7+ Kh8 13. Nxc6 bxc6 14. Be7
Rg8 15. Rac1 f6 16. Ne1 Rb8 17. Nd3 Nd6 18. b3 Rge8 19. Bxd6 cxd6 20. Bxc6 Rec8
21. Bd5 Bxd5 22. cxd5 Bh6 23. e3 a5 24. Nb2 e4 25. Rc6 Bf8 26. Rdc1 Rd8 27. Na4
Rb5 28. Nc3 Rc5 29. Nxe4 Rxd5 30. Nxf6 Bg7 31. Nxd5 1-0

[Event "Women's Speed Chess Q1"]
[Site "chess.com INT"]
[Date "2020.06.18"]
[Round "3"]
[White "Vakhania, Aleksandra"]
[Black "Alinasab, Mobina"]
[Result "1-0"]
[WhiteTitle "WIM"]
[BlackTitle "WIM"]
[WhiteElo "2138"]
[BlackElo "2317"]
[WhiteFideId "13602560"]
[BlackFideId "12528897"]
[EventDate "2020.06.18"]

1. d4 Nf6 2. Nf3 e6 3. Bg5 Be7 4. Nbd2 b6 5. e3 Bb7 6. h3 c5 7. Bd3 cxd4 8. exd4
d6 9. O-O Nbd7 10. a3 a6 11. c4 O-O 12. b4 Re8 13. Rc1 Rc8 14. Re1 g6 15. Qe2
Nh5 16. Bxe7 Qxe7 17. Be4 Bxe4 18. Qxe4 d5 19. cxd5 Ndf6 20. Qd3 Nxd5 21. Rxc8
Rxc8 22. Qxa6 Rc2 23. Qa8+ Kg7 24. Qxd5 exd5 25. Rxe7 Nf4 26. Rb7 Ne2+ 27. Kh2
Nxd4 28. Nxd4 Rxd2 29. Nf3 Ra2 30. Rxb6 Rxa3 31. b5 Rb3 32. Rb8 Kf6 33. b6 h5
34. b7 Ke7 35. Nd4 Rb6 36. Nc6+ Rxc6 37. Rc8 1-0

[Event "Women's Speed Chess Q1"]
[Site "chess.com INT"]
[Date "2020.06.18"]
[Round "3"]
[White "Bulmaga, Irina"]
[Black "Vifleemskaia, Svetlana"]
[Result "1-0"]
[WhiteTitle "IM"]
[BlackTitle "WFM"]
[WhiteElo "2440"]
[BlackElo "1943"]
[WhiteFideId "13903063"]
[BlackFideId "4129490"]
[EventDate "2020.06.18"]

1. e4 e5 2. Nf3 Nc6 3. d4 exd4 4. Nxd4 Bc5 5. Nxc6 Qf6 6. Qf3 Qxf3 7. gxf3 dxc6
8. Be3 Bb6 9. Nc3 Be6 10. Rg1 g6 11. O-O-O Ne7 12. h4 h5 13. b3 Bxe3+ 14. fxe3
Rd8 15. Rxd8+ Kxd8 16. f4 a6 17. Na4 Rf8 18. Nc5 Bc8 19. a4 a5 20. Nd3 b6 21.
Ne5 Be6 22. Bd3 Kc8 23. c4 c5 24. Kc2 Kb7 25. Kc3 Nc6 26. Nxc6 Kxc6 27. f5 gxf5
28. exf5 Bd7 29. Rg5 Rh8 30. Rg7 Be8 31. e4 Kd6 32. Kd2 Ke5 33. Ke3 Kd6 34. Kf4
f6 35. Be2 Rf8 36. Bf3 Rh8 37. e5+ fxe5+ 38. Kg5 Bc6 39. Rg6+ 1-0

[Event "Women's Speed Chess Q1"]
[Site "chess.com INT"]
[Date "2020.06.18"]
[Round "3"]
[White "Vovk, Anastasiia"]
[Black "Cyfka, Karina"]
[Result "0-1"]
[WhiteTitle "WGM"]
[BlackTitle "IM"]
[WhiteElo "2076"]
[BlackElo "2411"]
[WhiteFideId "14110563"]
[BlackFideId "1122681"]
[EventDate "2020.06.18"]

1. e4 e5 2. Nf3 Nc6 3. Bb5 a6 4. Ba4 Nf6 5. O-O Be7 6. c3 b5 7. Bc2 O-O 8. a4 b4
9. cxb4 Bxb4 10. Nc3 d6 11. d4 Bg4 12. dxe5 Nxe5 13. Bg5 Bxc3 14. bxc3 Bxf3 15.
gxf3 h6 16. Bh4 Ng6 17. Bg3 Nh5 18. Qd5 Nhf4 19. Qd2 Qf6 20. Rfd1 h5 21. Bxf4
Nxf4 22. Kh1 Rfe8 23. Rg1 Rab8 24. Bd1 Re5 25. Qe3 Rb2 26. Rc1 Rc5 27. c4 g6 28.
Rc2 Rb1 29. Qc3 Qxc3 30. Rxc3 Nh3 31. Rf1 Rxd1 0-1

[Event "Women's Speed Chess Q1"]
[Site "chess.com INT"]
[Date "2020.06.18"]
[Round "3"]
[White "Jakubowska, Anna"]
[Black "Ushenina, Anna"]
[Result "0-1"]
[WhiteTitle "WIM"]
[BlackTitle "GM"]
[WhiteElo "2073"]
[BlackElo "2416"]
[WhiteFideId "1121952"]
[BlackFideId "14110911"]
[EventDate "2020.06.18"]

1. e4 c6 2. d4 d5 3. exd5 cxd5 4. Bd3 Nc6 5. c3 Qc7 6. Ne2 Bg4 7. Bf4 Qxf4 8.
Nxf4 Bxd1 9. Kxd1 e6 10. Re1 Nf6 11. Bb5 Bd6 12. Nd3 Ke7 13. h3 Na5 14. Nd2 Rac8
15. Ba4 g5 16. Ke2 h5 17. Kf1 a6 18. Ne5 b5 19. Bd1 b4 20. Rc1 bxc3 21. bxc3 Rc7
22. Ndf3 g4 23. Ng5 Bxe5 24. dxe5 Nd7 25. hxg4 hxg4 26. Bxg4 Rg8 27. f4 Rc4 28.
g3 Rxg5 29. Be2 Rxg3 30. Bxc4 Nxc4 31. Kf2 Rh3 32. Rh1 Rxh1 33. Rxh1 Nc5 34. Rh8
Ne4+ 35. Kf3 Nxc3 36. Ra8 a5 37. a3 Nb5 38. a4 Nc3 39. Ra7+ Kf8 40. Kg4 Nxa4 41.
Kh5 Nc5 42. Kh6 Nd3 43. Ra8+ Ke7 44. Ra7+ Ke8 45. Ra8+ Kd7 46. Ra7+ Kc6 47. Rxf7
d4 48. Kg5 Kd5 49. Rd7+ Ke4 50. f5 Ndxe5 51. fxe6 Nxd7 52. exd7 Ne5 53. d8=N d3 0-1